Virtuálne projektové tímy

Základné postupy pre vytvorenie virtuálneho projektového tímu. Identifikácia a obsadenie spoločného personálneho zoznamu. Definovanie pracovného priestoru a štandardných metód a techník riadenia. Ukončenie projektu.

Enregistré dans:
Détails bibliographiques
Auteur principal: Ďurik, Martin
Format: Chapitre de livre
Langue:slovaque
Sujets:
Tags: Ajouter un tag
Pas de tags, Soyez le premier à ajouter un tag!

MARC

LEADER 00000naa$a2200000$$$4500
001 0147736
005 20240502072651.3
041 0 |a slo 
044 |a SK 
245 1 0 |a Virtuálne projektové tímy  |c Martin Ďurik 
520 |a Základné postupy pre vytvorenie virtuálneho projektového tímu. Identifikácia a obsadenie spoločného personálneho zoznamu. Definovanie pracovného priestoru a štandardných metód a techník riadenia. Ukončenie projektu. 
610 2 0 |a manažment 
610 2 0 |a riadenie projektové 
610 2 0 |a tímy pracovné 
610 2 0 |a metódy riadenia 
610 2 0 |a technika riadenia 
610 2 0 |a realita virtuálna 
100 1 |a Ďurik, Martin